书目信息 |
| 题名: |
曾国藩家族
|
|
| 作者: | 成晓军, 著 | |
| 分册: | 下 | |
| 出版信息: | 重庆 重庆出版社 2006.12 |
|
| 页数: | 190页 | |
| 开本: | 24cm | |
| 丛书名: | ||
| 单 册: | ||
| 中图分类: | K827=5 , K820.9 | |
| 科图分类: | ||
| 主题词: | 政治家--zheng zhi jia--家族--史料--中国 | |
| 电子资源: | ||
| ISBN: | 978-7-5366-8114-9 | |
| 000 | 00867nam0 2200277 450 | |
| 001 | CAL 012007014004 | |
| 005 | 20111229180012.57 | |
| 010 | @a978-7-5366-8114-9@dCNY26.00 | |
| 099 | @aCAL 012007014004 | |
| 100 | @a20070109d2006 ekmy0chiy50 ea | |
| 101 | 0 | @achi |
| 102 | @aCN@b500000 | |
| 105 | @aa a 000yd | |
| 200 | 1 | @a曾国藩家族@Azeng guo fan jia zu@h下@f成晓军著 |
| 210 | @a重庆@c重庆出版社@d2006.12 | |
| 215 | @a190页@c图@d24cm | |
| 320 | @a有书目 | |
| 330 | @a本书主要介绍了大界曾氏溯源、曾国藩兄弟的一家、曾国藩兄弟的儿女亲家等内容。 | |
| 600 | 0 | @a曾国藩,@Azeng guo fan ,@f1811-1872@x家族@x史料 |
| 606 | 0 | @a政治家@Azheng zhi jia@x家族@x史料@y中国 |
| 690 | @aK827=5@v4 | |
| 690 | @aK820.9@v4 | |
| 701 | 0 | @a成晓军,@Acheng xiao jun@f1953-@4著 |
| 801 | 0 | @aCN@b北京图书大厦@c20111229 |
| 905 | @aZUCC@dK820.9@eC721:2@f3 | |
| 998 | @aPUL | |
| 曾国藩家族.下/成晓军著.-重庆:重庆出版社,2006.12 |
| 190页:图;24cm |
| ISBN 978-7-5366-8114-9:CNY26.00 |
| 本书主要介绍了大界曾氏溯源、曾国藩兄弟的一家、曾国藩兄弟的儿女亲家等内容。 |
| ● |
| 相关链接 |
|
|
|
正题名:曾国藩家族
索取号:K820.9/C721:2
 
预约/预借
| 序号 | 登录号 | 条形码 | 馆藏地/架位号 | 状态 | 备注 |
| 1 | 1189111 | 211891112 | 社科库309/309社科库 45排5列2层/ [索取号:K820.9/C721:2] | 在馆 | |
| 2 | 1189112 | 211891121 | 社科库309/309社科库 45排5列2层/ [索取号:K820.9/C721:2] | 在馆 | |
| 3 | 1189113 | 211891130 | 社科库309/309社科库 45排5列2层/ [索取号:K820.9/C721:2] | 在馆 |